| 000 | 01307cam a2200349 a 4500 | ||
|---|---|---|---|
| 001 | 1684498 | ||
| 003 | OSt | ||
| 005 | 20140310182730.0 | ||
| 008 | 990115s2000 nyua b 001 0 eng | ||
| 010 | _a 99013594 | ||
| 020 | _a9971512793 | ||
| 040 |
_aDLC _cDLC _dDLC |
||
| 043 | _an-us--- | ||
| 050 | 0 | 0 |
_aLB 3051 _b.K8 2000 |
| 082 | 0 | 0 |
_a371.26/0973 _221 |
| 100 | 1 | _aKubiszyn, Tom. | |
| 245 | 1 | 0 |
_aEducational testing and measurement : _bclassroom application and practice / _cTom Kubiszyn, Gary Borich. |
| 250 | _a6th ed. | ||
| 260 |
_aNew York : _bWiley, _c1999. |
||
| 300 |
_a530 p. : _bill. ; _c25 cm. |
||
| 504 | _aIncludes bibliographical references (p. 509-520) and index. | ||
| 521 | _aEDU | ||
| 562 | _eFor Circulation. 1 copy in the Collection | ||
| 650 | 0 |
_aEducational tests and measurements _xUnited States. |
|
| 700 | 1 | _aBorich, Gary D. | |
| 856 | 4 |
_3Table of Contents only _uhttp://www.loc.gov/catdir/toc/onix03/99013594.html |
|
| 856 | 4 | 2 |
_3Publisher description _uhttp://www.loc.gov/catdir/enhancements/fy0607/99013594-d.html |
| 906 |
_a7 _bcbc _corignew _d1 _eocip _f19 _gy-gencatlg |
||
| 942 |
_2lcc _cBK _kFOR |
||
| 999 |
_c15442 _d15442 |
||